000 00551nam a22001697a 4500
003 SISC
005 20191120142537.0
008 160823b xxu||||| |||| 00| 0 eng d
020 _a9789719654322
050 _aBD 21
_b..Ar712 2016
100 _aAriola, Mariano M.
245 _aIntroduction to the philosophy of the human person /
_cMariano M. Ariola
260 _aMandaluyong :
_bBooks Atbp. Publishing Corp.,
_c2016.
300 _ax, 340 pages :
_billustrations ;
_c24 cm.
500 _aIncludes bibliographical references.
942 _2lcc
_cBK
_kFIL
999 _c300760
_d300760